000 00596nam a22002177a 4500
003 OSt
005 20150408114135.0
008 130804s2012 nyu f a 001 0 eng d
020 _a9780538498845
040 _aMa-Un
041 _aeng
082 0 0 _222
_a515.15
_bSJC
100 1 _aStewart, James
_b1955
_936354
245 1 0 _aCalculus /
_cJames Stewart
250 _a7th. ed.
_b.international ed
260 _aNew York : .
_bCengage Learning International Office,
_c2012
300 _aix, 1194 p. : .
_b ill. ;
_c28 cm
500 _aIncludes Index
650 0 0 _aCalculus.
942 _2ddc
_cDVD
999 _c30261
_d264761